Mind over matter: beyond the bounds of nature (Record no. 51249)

MARC details
000 -LEADER
fixed length control field 00669nam a2200193 a 4500
008 - FIXED-LENGTH DATA ELEMENTS--GENERAL INFORMATION
fixed length control field 120416s1973 ||||||||||||||||| || u
020 ## - INTERNATIONAL STANDARD BOOK NUMBER
International Standard Book Number 0213164264
050 ## - LIBRARY OF CONGRESS CALL NUMBER
Classification number GV 1111 Bar
100 ## - MAIN ENTRY--PERSONAL NAME
Personal name Barclay, Glen St. John, 1930-
245 10 - TITLE STATEMENT
Title Mind over matter: beyond the bounds of nature
260 ## - PUBLICATION, DISTRIBUTION, ETC.
Place of publication, distribution, etc. London:
Name of publisher, distributor, etc. Arthur Barker
Date of publication, distribution, etc. 1973
300 ## - PHYSICAL DESCRIPTION
Extent 142p.
350 ## - PRICE (NR) (BK AM CF MU VM SE) [OBSOLETE]
Price 0.00
500 ## - GENERAL NOTE
General note Bibliography: p. 135-139.
650 ## - SUBJECT ADDED ENTRY--TOPICAL TERM
Topical term or geographic name entry element SPIRITUALISM
650 ## - SUBJECT ADDED ENTRY--TOPICAL TERM
Topical term or geographic name entry element Self-defense
650 ## - SUBJECT ADDED ENTRY--TOPICAL TERM
Topical term or geographic name entry element Hand-to-hand fighting, Oriental
995 ## - RECOMMENDATION 995 [LOCAL, UNIMARC FRANCE]
-- 0.00
-- CBU-MAIN LIBRARY (Kitwe)
-- 1
-- 4.50
-- 1
-- AVAILABLE
-- Main Library Open Access Collection
Holdings
Withdrawn status Lost status Source of classification or shelving scheme Damaged status Not for loan Home library Current library Shelving location Date acquired Total Checkouts Full call number Barcode Date last seen Price effective from Koha item type
          CBU-MAIN LIBRARY, KITWE. CBU-MAIN LIBRARY, KITWE.   11/30/2022   GV 1111 Bar 001082 11/30/2022 11/30/2022 MONOGRAPH